000 00471nam a2200193Ia 4500
008 210210b1993 xxu||||| |||| 00| 0 eng d
020 _a81 7040 701 X
082 _a658 CHEB
100 _aCHERUNILAM (Francis)
245 _aBusiness environment Rev Ed 4
260 _aBombay
_bHimalaya Publishing House
_c1993
650 _aRev
650 _aenvironment
650 _aEd
650 _aBusiness
650 _a4
690 _aBusiness Environment
906 _a047257
999 _c96341
_d96341